[Event "4NCL/Div1/WGR2 vs. GUI1"]
[Site "Birmingham ENG"]
[Date "2001.11.24"]
[Round "3.4"]
[White "Gormally, Daniel W"]
[Black "Sowray, Peter J"]
[Result "1/2-1/2"]
[WhiteElo "2505"]
[BlackElo "2310"]
[PlyCount "31"]
[EventDate "2001.11.24"]
[SourceDate "2001.01.01"]

1. d4 Nf6 2. Nf3 g6 3. c4 c5 4. d5 b5 5. cxb5 a6 6. bxa6 Bg7 7. Nc3 Bxa6 8. g3
d6 9. Bg2 O-O 10. O-O Nbd7 11. h3 Nb6 12. Re1 Nc4 13. Qc2 Qa5 14. Nd2 Ne5 15.
Rb1 Nh5 16. Nde4 1/2-1/2

[Event "4NCL/Div1/WGR2 vs. GUI1"]
[Site "Birmingham ENG"]
[Date "2001.11.24"]
[Round "3.5"]
[White "Lee, Graham D"]
[Black "Matros, Alexander"]
[Result "1/2-1/2"]
[WhiteElo "2338"]
[BlackElo "2455"]
[PlyCount "128"]
[EventDate "2001.11.24"]
[SourceDate "2001.01.01"]

1. e4 c5 2. c3 d5 3. exd5 Qxd5 4. d4 Nf6 5. Nf3 Bg4 6. Be2 e6 7. h3 Bh5 8. O-O
Nc6 9. Be3 cxd4 10. Nxd4 Bxe2 11. Qxe2 Be7 12. Rd1 O-O 13. c4 Nxd4 14. Bxd4 Qe4
15. Kf1 Rfd8 16. Nc3 Qc6 17. b3 a6 18. Rd2 Rd7 19. Rad1 Rad8 20. Be5 Rxd2 21.
Rxd2 Rxd2 22. Qxd2 Nd7 23. Bd4 f6 24. Qd3 Nc5 25. Qg3 Ne4 26. Qd3 Nxc3 27. Bxc3
b5 28. f3 bxc4 29. Qxc4 Qxc4+ 30. bxc4 Kf7 31. Ke2 e5 32. Kd3 Ke6 33. g4 g6 34.
Bb2 Bc5 35. Bc3 f5 36. Bb2 h5 37. gxh5 gxh5 38. Bc3 Kd6 39. Bb2 Bf2 40. Ba3+
Bc5 41. Bb2 Bb4 42. Ba1 Ke6 43. Bb2 Bc5 44. Bc3 Ba3 45. Ba1 Be7 46. Bc3 Bf6 47.
Bb4 Bg7 48. Ba3 Bh6 49. Bb4 Bf4 50. Bf8 Bc1 51. Bb4 Bb2 52. Bf8 Ba1 53. Bb4 Kd7
54. Bf8 Kc6 55. Be7 Bb2 56. Kc2 Bd4 57. Kd3 Bc5 58. Bh4 Bb6 59. Bg3 Bc7 60. Bf2
Bd6 61. Ba7 Bc5 62. Bb8 Bd6 63. Ba7 Bc5 64. Bb8 Bd6 1/2-1/2

[Event "4NCL/Div1/WGR2 vs. GUI1"]
[Site "Birmingham ENG"]
[Date "2001.11.24"]
[Round "3.6"]
[White "Povah, Nigel E"]
[Black "Law, Andrew P"]
[Result "1/2-1/2"]
[WhiteElo "2351"]
[BlackElo "2302"]
[PlyCount "46"]
[EventDate "2001.11.24"]
[SourceDate "2001.01.01"]

1. d4 d5 2. Bg5 c6 3. Nf3 Qb6 4. Qc1 Bg4 5. Nbd2 Nd7 6. e3 e6 7. Bd3 Be7 8. Bf4
Ngf6 9. h3 Bh5 10. c3 O-O 11. b4 a5 12. a3 Bg6 13. Bxg6 hxg6 14. O-O Qb5 {(=)}
15. Qc2 axb4 16. axb4 Nb6 17. Ra5 Rxa5 18. bxa5 Qxa5 19. Nb3 Qa8 20. Ra1 Qc8
21. Ra7 Nc4 22. Nbd2 Nd6 23. c4 dxc4 1/2-1/2

[Event "4NCL/Div1/WGR2 vs. GUI1"]
[Site "Birmingham ENG"]
[Date "2001.11.24"]
[Round "3.7"]
[White "Norris, Alan"]
[Black "Granat, Russell G"]
[Result "0-1"]
[WhiteElo "2307"]
[BlackElo "2243"]
[PlyCount "94"]
[EventDate "2001.11.24"]
[SourceDate "2001.01.01"]

1. Nf3 d5 2. c4 d4 3. e3 c5 4. exd4 cxd4 5. d3 Nc6 6. g3 g6 7. Bg2 Bg7 8. O-O
e6 9. Na3 Nge7 10. Rb1 O-O 11. b4 a6 12. Re1 f6 13. b5 axb5 14. cxb5 Na5 15.
Bd2 e5 16. Bb4 Nd5 17. Bxa5 Rxa5 18. Nc4 Nc3 19. Qd2 Rxa2 20. Rb2 Rxb2 21. Qxb2
Bf5 22. Qc2 Kh8 23. b6 e4 24. dxe4 Nxe4 25. g4 d3 26. Qc1 d2 27. Nfxd2 Nxd2 28.
gxf5 Bh6 29. Ne3 Rf7 30. Qc2 Kg7 31. Nd5 Qd7 32. f4 Bxf4 33. Re2 Bh6 34. fxg6
hxg6 35. Rxd2 Bxd2 36. Qxd2 Qf5 37. Qf2 Qe5 38. Qe3 Qa1+ 39. Kf2 Qb2+ 40. Kg3
Qa1 41. h4 f5 42. Qg5 Qa3+ 43. Bf3 Qd6+ 44. Qf4 Qe6 45. Qd4+ Kh7 46. Kf4 Qe1
47. Kg5 Qg3+ 0-1

[Event "4NCL/Div1/WGR2 vs. GUI1"]
[Site "Birmingham ENG"]
[Date "2001.11.24"]
[Round "3.8"]
[White "Yurenok, Maria S"]
[Black "Jackson, Sheila A"]
[Result "1/2-1/2"]
[WhiteElo "2104"]
[BlackElo "2183"]
[PlyCount "46"]
[EventDate "2001.11.24"]
[SourceDate "2001.01.01"]

1. d4 Nf6 2. Nf3 g6 3. Bg5 Bg7 4. Nbd2 d6 5. e4 O-O 6. h3 c5 7. c3 cxd4 8. cxd4
Qa5 9. Bd3 Nc6 10. Be3 e5 11. O-O exd4 12. Nb3 Qd8 13. Nfxd4 Re8 14. Nxc6 bxc6
15. Qc2 Bb7 16. Rfe1 c5 17. Nd2 Rc8 18. f3 d5 19. Bf2 c4 20. Bf1 dxe4 21. fxe4
c3 22. bxc3 Nh5 23. Re3 Qc7 1/2-1/2

[Event "4NCL/Div1/BAR2 vs. WGR1"]
[Site "Birmingham ENG"]
[Date "2001.11.24"]
[Round "3.1"]
[White "Shikerov, Stefan"]
[Black "Baburin, Alexander"]
[Result "0-1"]
[WhiteElo "2298"]
[BlackElo "2566"]
[PlyCount "32"]
[EventDate "2001.11.24"]
[SourceDate "2001.01.01"]

1. d4 d5 2. c4 dxc4 3. Nf3 a6 4. e3 Bg4 5. Bxc4 e6 6. O-O Nf6 7. Nc3 Nc6 8. Re1
Be7 9. h3 Bh5 10. g4 Bg6 11. e4 O-O 12. Bb3 Na5 13. Bc2 c5 14. dxc5 Bxc5 15.
Qe2 Qc7 16. Bd3 Qg3+ 0-1

[Event "4NCL/Div1/BAR2 vs. WGR1"]
[Site "Birmingham ENG"]
[Date "2001.11.24"]
[Round "3.2"]
[White "Emms, John M"]
[Black "Duncan, Christopher R"]
[Result "1-0"]
[WhiteElo "2537"]
[BlackElo "2336"]
[PlyCount "167"]
[EventDate "2001.11.24"]
[SourceDate "2001.01.01"]

1. e4 c5 2. Nf3 d6 3. d4 cxd4 4. Nxd4 Nf6 5. Nc3 g6 6. Bc4 Bg7 7. O-O O-O 8.
Re1 Nc6 9. h3 Bd7 10. Be3 Rc8 11. Bb3 Na5 12. Qd3 a6 13. Nd5 Bc6 14. Nxc6 Nxc6
15. Bb6 Qd7 16. c3 Ne5 17. Qe2 Nxd5 18. exd5 Qb5 19. Qxb5 axb5 20. Rad1 Rfe8
21. Re4 Nc4 22. Bxc4 Rxc4 23. Rde1 Bf6 24. a3 Kf8 25. g3 Rec8 26. R4e2 h5 27.
Kg2 Ra8 28. h4 Rac8 29. Kf3 Ra4 30. Kg2 Rac4 31. Be3 R8c7 32. Kf3 Ra4 33. Bb6
Rc8 34. Rd1 Ke8 35. Red2 Kd7 36. Be3 Rc7 37. Ke2 Rc8 38. Kd3 Rc7 39. Kc2 Rc8
40. Kb3 Rcc4 41. Kc2 Rc8 42. Kd3 Rc7 43. Ke2 Rc8 44. Kf3 Rc7 45. Rd3 Rc8 46.
Bb6 Ke8 47. Re1 Kf8 48. Re2 Ke8 49. Rd1 Kf8 50. Rde1 Ra6 51. Be3 Rc7 52. Bh6+
Ke8 53. Re4 Ra4 54. Rb4 Rc5 55. Rd1 Kd7 56. Be3 Rxb4 57. axb4 Rc8 58. Ra1 e6
59. Ra5 exd5 60. Rxb5 Kc6 61. Ra5 Re8 62. b5+ Kc7 63. Ra1 d4 64. Bxd4 Bxd4 65.
cxd4 Kb6 66. Rc1 Re7 {(=)} 67. Rc2 Kxb5 68. Kf4 Kb6 69. Kg5 Re4 70. d5 Re5+ 71.
Kf6 Rxd5 72. Kxf7 g5 73. Ke6 Ra5 74. hxg5 Rxg5 75. Kxd6 Rf5 76. Ke6 Rf3 77. Ke5
Kb5 78. Ke4 Rf7 79. f4 Kb4 80. Rf2 Kc4 81. f5 Kc5 82. f6 Kd6 83. Kf5 Kd7 84.
Kg6 1-0

[Event "4NCL/Div1/BAR2 vs. WGR1"]
[Site "Birmingham ENG"]
[Date "2001.11.24"]
[Round "3.3"]
[White "Dishman, Stephen"]
[Black "Ward, Christopher"]
[Result "0-1"]
[WhiteElo "2323"]
[BlackElo "2486"]
[PlyCount "104"]
[EventDate "2001.11.24"]
[SourceDate "2001.01.01"]

1. d4 Nf6 2. Bg5 e6 3. e4 h6 4. Bxf6 Qxf6 5. c3 d5 6. e5 Qd8 7. Nf3 c5 8. dxc5
Bxc5 9. Bd3 Nc6 10. O-O Qc7 11. Qe2 a6 12. Nbd2 g5 13. Rfe1 g4 14. Nd4 Rg8 15.
Nxc6 bxc6 16. c4 Rg5 17. cxd5 cxd5 18. Rac1 Qb6 19. Nb3 Bb4 20. Rf1 Bb7 21. Kh1
Rd8 22. a3 Bf8 23. Nd2 Rd7 24. f4 gxf3 25. Nxf3 Rg4 26. h3 Rf4 27. Nh2 Rxf1+
28. Rxf1 Rc7 29. Ng4 Bg7 30. Nf6+ Bxf6 31. exf6 Qd4 32. Bxa6 Bxa6 33. Qxa6 Qc4
34. Qxc4 Rxc4 35. Rf2 Kd7 36. g4 e5 37. Kg2 Ke6 38. Kg3 d4 39. h4 Rc8 40. g5
hxg5 41. hxg5 Rg8 42. Kg4 e4 43. Kf4 e3 44. Rg2 Kd5 45. Kf3 Re8 46. Ke2 Kc4 47.
Rg4 Rh8 48. g6 Rh2+ 49. Kf1 Rf2+ 50. Kg1 fxg6 51. Rxg6 Rf5 52. f7 Rxf7 0-1

[Event "4NCL/Div1/BAR2 vs. WGR1"]
[Site "Birmingham ENG"]
[Date "2001.11.24"]
[Round "3.4"]
[White "Turner, Matthew J"]
[Black "Collins, Sam"]
[Result "1-0"]
[WhiteElo "2502"]
[BlackElo "2261"]
[PlyCount "73"]
[EventDate "2001.11.24"]
[SourceDate "2001.01.01"]

1. d4 Nf6 2. g3 g6 3. Bg2 d5 4. c4 Bg7 5. cxd5 Nxd5 6. Nc3 Nxc3 7. bxc3 c5 8.
Nf3 Nc6 9. e3 O-O 10. O-O Qc7 11. Ba3 cxd4 12. cxd4 Rd8 13. Rc1 Qa5 14. Qb3 Be6
15. Qb2 Qb6 16. Qe2 Qa5 17. Qb2 Qb6 18. Qe2 Qa5 19. Bc5 Rac8 20. Ng5 Qxa2 21.
Rc2 Qa6 22. Qxa6 bxa6 23. Nxe6 fxe6 24. Rfc1 Nxd4 25. exd4 Bxd4 26. Bxd4 Rxc2
27. Rxc2 Rxd4 28. Ra2 Rd6 29. Bf1 Kf7 30. Kg2 Kf6 31. Kf3 Rb6 32. Rxa6 Rxa6 33.
Bxa6 Ke5 34. Bc4 a5 35. Ke3 g5 36. g4 h6 37. Bb3 1-0

[Event "4NCL/Div1/BAR2 vs. WGR1"]
[Site "Birmingham ENG"]
[Date "2001.11.24"]
[Round "3.5"]
[White "Berry, Neil"]
[Black "Martin, Andrew D"]
[Result "1/2-1/2"]
[WhiteElo "2255"]
[BlackElo "2443"]
[PlyCount "55"]
[EventDate "2001.11.24"]
[SourceDate "2001.01.01"]

1. d4 Nf6 2. c4 g6 3. Nc3 Bg7 4. e4 d6 5. Nf3 O-O 6. Be2 Bg4 7. Be3 Nfd7 8. Rc1
a6 9. d5 c5 10. Qb3 b5 11. cxb5 axb5 12. Qxb5 Na6 13. a3 Nc7 14. Qb3 e6 15. O-O
exd5 16. exd5 Bxf3 17. Bxf3 Rb8 18. Qc2 Nb5 19. Nxb5 Rxb5 20. Rb1 Qa8 21. Bf4
Ne5 22. Bxe5 Bxe5 23. a4 Rb4 24. b3 Rfb8 25. Rfd1 Rf4 26. Qe2 Rfb4 27. Qc2 Rf4
28. Qe2 1/2-1/2

[Event "4NCL/Div1/BAR2 vs. WGR1"]
[Site "Birmingham ENG"]
[Date "2001.11.24"]
[Round "3.6"]
[White "Karolyi, Tibor"]
[Black "Twyble, Michael S"]
[Result "1-0"]
[WhiteElo "2415"]
[BlackElo "2220"]
[PlyCount "71"]
[EventDate "2001.11.24"]
[SourceDate "2001.01.01"]

1. d4 d5 2. c4 c6 3. Nf3 Nf6 4. Qc2 g6 5. Bf4 Bg7 6. e3 O-O 7. Nc3 Bf5 8. Qb3
Qb6 9. h3 Na6 10. g4 Qxb3 11. axb3 Nb4 12. Ra4 Nd3+ 13. Bxd3 Bxd3 14. Ne5 dxc4
15. bxc4 b5 16. Ra6 Bxc4 17. Nxc4 bxc4 18. Rxc6 Rfc8 19. Rxc8+ Rxc8 20. Kd2 Rc6
21. Ra1 a6 22. Ra5 e6 23. Be5 Ne8 24. Bxg7 Kxg7 25. Na4 Nc7 26. Rc5 Rxc5 27.
Nxc5 Nd5 28. Nxa6 Kf6 29. h4 h5 30. g5+ Kg7 31. Nc5 f6 32. gxf6+ Kxf6 33. Ne4+
Kf5 34. f3 e5 35. Nd6+ Ke6 36. dxe5 1-0

[Event "4NCL/Div1/BAR2 vs. WGR1"]
[Site "Birmingham ENG"]
[Date "2001.11.24"]
[Round "3.7"]
[White "Trent, Lawrence"]
[Black "Hunt, Harriet"]
[Result "0-1"]
[WhiteElo "2217"]
[BlackElo "2406"]
[PlyCount "116"]
[EventDate "2001.11.24"]
[SourceDate "2001.01.01"]

1. e4 c5 2. Nf3 d6 3. Bb5+ Nd7 4. d4 Ngf6 5. Nc3 a6 6. Bxd7+ Nxd7 7. Be3 cxd4
8. Qxd4 e6 9. a4 Qc7 10. O-O Ne5 11. Nxe5 dxe5 12. Qb6 Qxb6 13. Bxb6 Bd7 14.
Rfd1 Rc8 15. Rd3 Bc6 16. f3 {(=)} f6 17. Nd1 Be7 18. b3 f5 19. Nf2 Kf7 20. c4
h5 21. Re1 Bf6 22. Rde3 g5 23. Nd3 f4 24. R3e2 g4 25. Rd1 Rhg8 26. Kh1 h4 27.
Nf2 gxf3 28. gxf3 Rg5 29. Nh3 Rg7 30. Red2 {(=)} Be7 31. Rg1 Rxg1+ 32. Kxg1 Be8
33. Nf2 Rc6 34. Bd8 Bc5 35. Bxh4 Bd4 36. Kg2 b5 37. cxb5 axb5 38. axb5 Rc1 39.
Nd3 Rg1+ 40. Kh3 Bxb5 41. Bf2 Bxf2 42. Nxf2 Bf1+ 43. Kh4 Rg2 44. Rd7+ Ke8 45.
Rd2 Rxh2+ 46. Kg5 Ke7 47. Rc2 {(=)} Rg2+ 48. Kh6 Kd6 49. b4 Bb5 50. Kh5 Rg3 51.
Rd2+ Kc7 52. Ng4 Rxf3 53. Nxe5 Re3 54. Kg5 Rxe4 55. Kf6 Be2 56. Kxe6 f3 57.
Rd7+ Kc8 58. Kd6 Rd4+ 0-1

[Event "4NCL/Div1/BAR2 vs. WGR1"]
[Site "Birmingham ENG"]
[Date "2001.11.24"]
[Round "3.8"]
[White "Heidenfeld, Mark"]
[Black "Regan, Natasha"]
[Result "1-0"]
[WhiteElo "2382"]
[BlackElo "2185"]
[PlyCount "71"]
[EventDate "2001.11.24"]
[SourceDate "2001.01.01"]

1. e4 Nf6 2. e5 Nd5 3. Nc3 Nxc3 4. bxc3 d6 5. f4 dxe5 6. fxe5 c5 7. d4 Nc6 8.
Be3 Qa5 9. Qd2 Bf5 10. Rb1 cxd4 11. cxd4 Qxd2+ 12. Kxd2 O-O-O 13. Nf3 f6 14.
Bd3 Bg4 15. exf6 gxf6 16. c3 e5 17. Rhc1 h5 18. Be4 Bh6 19. Bxh6 Rxh6 20. Ke3
Na5 21. dxe5 Nc4+ 22. Kf2 Bxf3 23. Bxf3 fxe5 24. Bxb7+ Kc7 25. Rb4 Nb6 26. Bf3
Rd2+ 27. Kg1 Rxa2 28. c4 a5 29. Rb5 a4 30. c5 Nd7 31. Rb7+ Kc8 32. c6 Nb8 33.
Rxb8+ Kxb8 34. c7+ Kc8 35. Bb7+ Kxb7 36. c8=Q+ 1-0

[Event "4NCL/Div1/WRO1 vs. BGR2"]
[Site "Birmingham ENG"]
[Date "2001.11.24"]
[Round "3.1"]
[White "Arkell, Keith C"]
[Black "Richardson, John R"]
[Result "1-0"]
[WhiteElo "2457"]
[BlackElo "2308"]
[PlyCount "115"]
[EventDate "2001.11.24"]
[SourceDate "2001.01.01"]

1. d4 Nf6 2. Nf3 d5 3. c4 e6 4. Nc3 Bb4 5. Qa4+ Nc6 6. a3 Bxc3+ 7. bxc3 Bd7 8.
cxd5 exd5 9. Qc2 Qc8 10. e3 Bf5 11. Bd3 Bxd3 12. Qxd3 Qg4 13. O-O O-O 14. c4
Rad8 15. Rb1 dxc4 16. Qxc4 Rd5 17. Bd2 Rf5 18. h3 Qe4 19. Rfc1 Rd8 20. d5 Qxc4
21. Rxc4 Rfxd5 22. Rxb7 Rxd2 23. Nxd2 Na5 24. Rbxc7 Nxc4 25. Nxc4 a6 26. Ra7 h5
27. Rxa6 Rd1+ 28. Kh2 Rc1 29. Nd6 Rc2 30. Kg3 g5 31. Ra7 Rd2 32. Nxf7 Ne4+ 33.
Kf3 Nxf2 34. Nxg5 Nd3 35. Ra8+ Kg7 36. Ne6+ Kf6 37. Nf4 Ne1+ 38. Kg3 h4+ 39.
Kxh4 Nxg2+ 40. Nxg2 Rxg2 41. Rf8+ Ke7 42. Rf4 Re2 43. Re4+ Kf6 44. Kg4 Rg2+ 45.
Kf3 Rh2 46. h4 Rh1 47. Rb4 Rf1+ 48. Ke2 Ra1 49. a4 Kg6 50. Kd3 Ra3+ 51. Ke4 Kh5
52. Kf4 Kxh4 53. Kf5+ Kh5 54. e4 Rf3+ 55. Ke6 Kg6 56. e5 Ra3 57. Rg4+ Kh5 58.
Kf5 1-0

[Event "4NCL/Div1/WRO1 vs. BGR2"]
[Site "Birmingham ENG"]
[Date "2001.11.24"]
[Round "3.2"]
[White "Graham, David B"]
[Black "Dunnington, Angus J"]
[Result "1/2-1/2"]
[WhiteElo "2254"]
[BlackElo "2382"]
[PlyCount "69"]
[EventDate "2001.11.24"]
[SourceDate "2001.01.01"]

1. e4 c6 2. d4 d5 3. e5 c5 4. Nf3 Nc6 5. c3 Bg4 6. Be2 e6 7. Be3 cxd4 8. cxd4
Bb4+ 9. Nc3 Nge7 10. O-O Nf5 11. h3 Bxf3 12. Bxf3 O-O 13. Rc1 f6 14. exf6 Qxf6
15. Qb3 Bd6 16. Nb5 Ncxd4 17. Nxd4 Nxd4 18. Bxd4 Qxd4 19. Bg4 Kh8 20. Qxb7 h5
21. Bf3 Qf4 22. Rfe1 Rab8 23. Qc6 Qh2+ 24. Kf1 Rxb2 25. Rc2 Rb6 26. Qd7 Bb4 27.
Rec1 Rxf3 28. gxf3 Qxh3+ 29. Ke2 Kh7 30. Rg1 Bf8 31. Rc7 Rb2+ 32. Ke3 Qf5 33.
Rxg7+ Kh8 34. Rh7+ Kg8 35. Rg7+ 1/2-1/2

[Event "4NCL/Div1/WRO1 vs. BGR2"]
[Site "Birmingham ENG"]
[Date "2001.11.24"]
[Round "3.3"]
[White "Kirsanov, Oleg"]
[Black "Broom, Mark"]
[Result "1/2-1/2"]
[WhiteElo "2358"]
[BlackElo "2240"]
[PlyCount "70"]
[EventDate "2001.11.24"]
[SourceDate "2001.01.01"]

1. d4 d5 2. Nf3 Nf6 3. c4 c6 4. Nc3 dxc4 5. a4 Bf5 6. e3 e6 7. Bxc4 Bb4 8. O-O
Nbd7 9. Qb3 a5 10. Bd2 Qb6 11. Rfe1 O-O 12. Na2 Be7 13. Nc3 Bb4 14. h3 Bg6 15.
Nh4 e5 16. dxe5 Nxe5 17. Be2 Rad8 18. Nxg6 hxg6 19. Red1 Nd3 20. Qc2 Nc5 21.
Bc4 Rd7 22. Be1 Rfd8 23. Rxd7 Nfxd7 24. Rd1 Ne5 25. Be2 Qc7 26. Rd4 Ne6 27.
Rxd8+ Qxd8 28. Qe4 Qd6 29. f4 Nd7 30. Qd3 Qxd3 31. Bxd3 Nec5 32. Bc2 Nb6 33. b3
Nd5 34. Nxd5 Bxe1 35. Nb6 Kf8 1/2-1/2

[Event "4NCL/Div1/WRO1 vs. BGR2"]
[Site "Birmingham ENG"]
[Date "2001.11.24"]
[Round "3.4"]
[White "Shaw, David A"]
[Black "Dunworth, Christopher"]
[Result "1/2-1/2"]
[WhiteElo "2211"]
[BlackElo "2285"]
[PlyCount "78"]
[EventDate "2001.11.24"]
[SourceDate "2001.01.01"]

1. e4 g6 2. d4 c6 3. Nf3 Bg7 4. c3 d5 5. exd5 cxd5 6. Bf4 Nc6 7. Nbd2 Nf6 8. h3
Bf5 9. Be2 O-O 10. Ne5 Nd7 11. Nxd7 Qxd7 12. Nf3 f6 13. Qd2 e5 14. Be3 Be4 15.
Rd1 Bxf3 16. Bxf3 e4 17. Be2 f5 18. g3 Rae8 19. Kf1 Nd8 20. c4 Ne6 21. cxd5
Qxd5 22. b3 b5 23. Qa5 Rb8 24. Bc4 Qd7 25. Bxe6+ Qxe6 26. d5 Qe8 27. Qxa7 g5
28. d6 Qh5 29. Rc1 Qf3 30. Rg1 Ra8 31. Qc5 Rxa2 32. Qxb5 Kh8 33. d7 f4 34. gxf4
gxf4 35. d8=Q Rxd8 36. Qg5 Qxh3+ 37. Ke1 Qd7 38. Qxf4 Qd3 39. Qg4 Bf6 1/2-1/2

[Event "4NCL/Div1/WRO1 vs. BGR2"]
[Site "Birmingham ENG"]
[Date "2001.11.24"]
[Round "3.5"]
[White "Gayson, Peter M"]
[Black "Lyell, Mark"]
[Result "1/2-1/2"]
[WhiteElo "2281"]
[BlackElo "2180"]
[PlyCount "101"]
[EventDate "2001.11.24"]
[SourceDate "2001.01.01"]

1. e4 e5 2. Nf3 Nc6 3. Bb5 f5 4. Nc3 fxe4 5. Nxe4 Nf6 6. Qe2 d5 7. Nxf6+ gxf6
8. d4 Bg7 9. dxe5 O-O 10. Bxc6 bxc6 11. exf6 Qxf6 12. O-O Bg4 13. Qd3 Rae8 14.
Bg5 Qf5 15. Qxf5 Rxf5 16. Be3 Bxf3 17. gxf3 Bxb2 18. Rab1 Bc3 19. Rfd1 Rxf3 20.
Rb3 Ba5 21. Bxa7 Rxb3 22. axb3 Bb6 23. Bxb6 cxb6 24. c4 {(=)} dxc4 25. bxc4 Re4
26. Rb1 Rxc4 27. Rxb6 Kf7 28. Rb7+ Kg6 29. Kg2 h6 30. Rc7 Kf5 31. Rh7 Rg4+ 32.
Kf3 Rg6 33. Ke3 Re6+ 34. Kf3 Ke5 35. Ke3 c5 36. Kd3 Kf5 37. Kc4 Kg6 38. Rh8 Re5
39. Rc8 Re4+ 40. Kxc5 Rh4 41. Rf8 Rxh2 42. Kd4 Kg5 43. Ke4 h5 {(=)} 44. f4+ Kg6
45. f5+ Kg7 46. Ra8 h4 47. Ra7+ Kf6 48. Ra6+ Kf7 49. Kf4 h3 50. Rh6 Rf2+ 51.
Kg3 1/2-1/2

[Event "4NCL/Div1/WRO1 vs. BGR2"]
[Site "Birmingham ENG"]
[Date "2001.11.24"]
[Round "3.6"]
[White "Cafferty, Bernard"]
[Black "Barrett, Steve J"]
[Result "1/2-1/2"]
[WhiteElo "2167"]
[BlackElo "2199"]
[PlyCount "31"]
[EventDate "2001.11.24"]
[SourceDate "2001.01.01"]

1. Nf3 Nf6 2. b4 g6 3. Bb2 Bg7 4. c4 O-O 5. g3 c6 6. Bg2 d5 7. Qc2 a5 8. b5
dxc4 9. Na3 cxb5 10. Nxb5 Qb6 11. a4 Ng4 12. O-O Bxb2 13. Qxb2 Nc6 14. Qc3 Rd8
15. Qxc4 Be6 16. Qf4 1/2-1/2

[Event "4NCL/Div1/WRO1 vs. BGR2"]
[Site "Birmingham ENG"]
[Date "2001.11.24"]
[Round "3.7"]
[White "Jones, Gawain C.B"]
[Black "Anderton, David W"]
[Result "1-0"]
[WhiteElo "2216"]
[BlackElo "2230"]
[PlyCount "67"]
[EventDate "2001.11.24"]
[SourceDate "2001.01.01"]

1. e4 e6 2. d3 d5 3. Qe2 Nf6 4. Nf3 c5 5. g3 b6 6. Bg2 dxe4 7. dxe4 Ba6 8. c4
Nc6 9. e5 Nd7 10. O-O Qc7 11. Bf4 Be7 12. Nc3 Rd8 13. b3 h6 14. h4 Nf8 15. Rad1
Rxd1 16. Rxd1 Ng6 17. Ne4 O-O 18. h5 Ngxe5 19. Nxc5 bxc5 20. Nxe5 Nd4 21. Rxd4
cxd4 22. Nxf7 Qb6 23. Ne5 Bc8 24. Be4 Bd6 25. Qd3 Bxe5 26. Bxe5 Rd8 27. Bh7+
Kf8 28. Qf3+ Ke8 29. Bg6+ Kd7 30. Qf7+ Kc6 31. Be4+ Kc5 32. Qe7+ Rd6 33. Bxd6+
Qxd6 34. b4+ 1-0

[Event "4NCL/Div1/WRO1 vs. BGR2"]
[Site "Birmingham ENG"]
[Date "2001.11.24"]
[Round "3.8"]
[White "Richards, Heather S"]
[Black "Forbes, Cathy"]
[Result "1/2-1/2"]
[WhiteElo "2212"]
[BlackElo "2074"]
[PlyCount "178"]
[EventDate "2001.11.24"]
[SourceDate "2001.01.01"]

1. e4 c5 2. c3 d5 3. exd5 Qxd5 4. d4 Nf6 5. Be3 e6 6. Nf3 Be7 7. Bd3 O-O 8. O-O
Nc6 9. a3 Rd8 10. Qe2 e5 11. Bc4 Qd6 12. dxc5 Qc7 13. Ng5 Rf8 14. Nd2 Bf5 15.
Qf3 Bg4 16. Qg3 Na5 17. Ba2 Bxc5 18. Bxc5 Qxc5 19. b4 Qd6 20. Nde4 Nxe4 21.
Nxe4 Qg6 22. f3 Qb6+ 23. Kh1 Bf5 24. bxa5 Qxa5 25. a4 Kh8 26. Bb3 Bg6 27. Rac1
Rac8 28. Qe1 f6 29. Nd6 Rc6 30. Nc4 Qa6 31. Ne3 Rb6 32. Qd1 Bd3 33. Rf2 Rd6 34.
Rd2 Rfd8 35. c4 e4 36. fxe4 Bxe4 37. Rxd6 Rxd6 38. Qg4 Qc6 39. Rd1 Rxd1+ 40.
Qxd1 Qb6 41. Nd5 Qf2 42. Ne3 h6 43. Qg1 Qb2 44. Bd1 Qa2 45. Qe1 f5 46. Qe2 Qa1
47. Qd2 f4 48. Nd5 f3 49. Kg1 fxg2 50. Nc3 Bc6 51. Kf2 Qa3 52. Qd8+ Kh7 53.
Bc2+ g6 54. Qc7+ Kg8 55. Qd8+ Kh7 56. Qc7+ Kg8 57. Qd8+ Kh7 58. Ne4 g1=Q+ 59.
Kxg1 Qc1+ 60. Bd1 Qe3+ 61. Kf1 Qxe4 62. Qc7+ Kg8 63. Qb8+ Kf7 64. Be2 Qg2+ 65.
Ke1 Qg1+ 66. Kd2 Qd4+ 67. Ke1 a6 68. Qc7+ Qd7 69. Qf4+ Kg7 70. a5 Qe7 71. Qd4+
Qf6 72. Qc5 Qh4+ 73. Kd1 Ba4+ 74. Kd2 Qf4+ 75. Ke1 Qh4+ 76. Kd2 Bc6 77. Qe5+
Qf6 78. Qc7+ Kg8 79. Bd3 g5 80. Qc8+ Kf7 81. Qc7+ Qe7 82. Qb6 Qd6 83. h3 Qh2+
84. Kc3 Qxh3 85. Qc7+ Qd7 86. Qe5 Kg8 87. Qb8+ Qe8 88. Qc7 Qd7 89. Qb8+ Qe8
1/2-1/2

[Event "4NCL/Div1/MMO vs. BRI1"]
[Site "Birmingham ENG"]
[Date "2001.11.24"]
[Round "3.1"]
[White "Ledger, Andrew J"]
[Black "Ansell, Simon"]
[Result "1/2-1/2"]
[WhiteElo "2399"]
[BlackElo "2396"]
[PlyCount "67"]
[EventDate "2001.11.24"]
[SourceDate "2001.01.01"]

1. c4 e5 2. Nc3 d6 3. g3 f5 4. Bg2 Nf6 5. d3 Be7 6. f4 Nc6 7. Nf3 Nd4 8. O-O
Nxf3+ 9. Bxf3 c6 10. Rb1 O-O 11. b4 Qe8 12. b5 Bd8 13. Qc2 Bb6+ 14. Kh1 Ng4 15.
bxc6 bxc6 16. e4 fxe4 17. Nxe4 Qg6 18. Qe2 Bf5 19. Rb3 Rad8 20. h3 Nf6 21.
Nxf6+ Qxf6 22. g4 Bd7 23. fxe5 Qxe5 24. Qxe5 dxe5 25. Kg2 Rf7 26. Ba3 Be8 27.
c5 Ba5 28. Bb2 Re7 29. Bc1 h6 30. Be4 Bf7 31. Ra3 Bb4 32. Ra6 Bxc5 33. Rxc6 Bb6
34. g5 1/2-1/2

[Event "4NCL/Div1/MMO vs. BRI1"]
[Site "Birmingham ENG"]
[Date "2001.11.24"]
[Round "3.2"]
[White "Buckley, Graeme"]
[Black "Pert, Nicholas"]
[Result "1-0"]
[WhiteElo "2409"]
[BlackElo "2451"]
[PlyCount "159"]
[EventDate "2001.11.24"]
[SourceDate "2001.01.01"]

1. d4 d5 2. c4 c6 3. Nf3 Nf6 4. Nc3 dxc4 5. a4 Bf5 6. Ne5 Nbd7 7. Nxc4 Nb6 8.
Ne5 a5 9. g3 e6 10. Bg2 Bb4 11. O-O O-O 12. Bg5 h6 13. Bxf6 Qxf6 14. Qb3 Rfd8
15. Rad1 Qe7 16. e4 Bh7 17. Rfe1 f6 18. Nc4 Nxc4 19. Qxc4 Kh8 20. e5 f5 21. Re3
Bg6 22. Ne2 Rd7 23. h4 Rad8 24. Nf4 Bf7 25. h5 Bc5 26. Red3 Ba7 27. Bf3 Qb4 28.
Qxb4 axb4 29. Ne2 c5 30. Rc1 cxd4 31. Nf4 Bb8 32. Rc5 Kg8 33. Rb5 Re7 34. Ng6
Red7 35. a5 Kh7 36. Nf4 Re7 37. Kg2 Be8 38. Rxb7 Rxb7 39. Bxb7 Bxe5 40. a6 Bb5
41. Rd1 Bb8 42. Nxe6 Rd6 43. Nxd4 Bxa6 44. Bxa6 Rxa6 45. Nxf5 Be5 46. b3 Ra3
47. Rd5 Bc3 48. Ne7 Rxb3 49. Rb5 Bf6 50. Nd5 Bc3 51. Rb8 g5 52. Kh3 Rb2 53. f3
Rd2 54. Ne7 Rd7 55. Nf5 Bd2 56. Rb6 Rd3 57. Kg4 b3 58. Rb7+ Kh8 59. Rb6 Bc1 60.
Rxh6+ Kg8 61. Rb6 b2 62. h6 Ra3 63. Rb8+ Kh7 64. Rb7+ Kg6 65. h7 Ra4+ 66. f4
b1=Q 67. h8=N+ Kf6 68. Rxb1 Bxf4 69. Rb6+ Bd6+ 70. Kh5 Kxf5 71. Rxd6 Ra7 72.
g4+ Ke5 73. Rd8 Kf6 74. Kh6 Ra6 75. Ng6 Ra5 76. Rf8+ Ke6 77. Rf1 Rb5 78. Nf8+
Ke7 79. Nh7 Rb4 80. Kxg5 1-0

[Event "4NCL/Div1/MMO vs. BRI1"]
[Site "Birmingham ENG"]
[Date "2001.11.24"]
[Round "3.3"]
[White "Hunt, Adam C"]
[Black "Sherwin, James T"]
[Result "1/2-1/2"]
[WhiteElo "2356"]
[BlackElo "2345"]
[PlyCount "93"]
[EventDate "2001.11.24"]
[SourceDate "2001.01.01"]

1. e4 c6 2. d4 d5 3. exd5 cxd5 4. c4 Nf6 5. Nc3 Nc6 6. Bg5 e6 7. Nf3 Be7 8. c5
Ne4 9. Bxe7 Qxe7 10. Bb5 Nxc3 11. bxc3 Bd7 12. O-O O-O 13. Rb1 Rfc8 14. Re1 Qd8
15. c4 dxc4 16. Bxc4 Rc7 17. Bd3 Qf6 18. Re4 Rd8 19. Qd2 Bc8 20. Rh4 g6 21. Qe3
Rcd7 22. Rf4 Qg7 23. Bb5 e5 24. Nxe5 Nxe5 25. dxe5 Rd1+ 26. Rxd1 Rxd1+ 27. Bf1
Be6 28. Rd4 Rxd4 29. Qxd4 Bxa2 30. Qd8+ Qf8 31. Qa5 Bd5 32. Qxa7 Qc8 33. Qb6
Bc6 34. h3 Qf5 35. Qd8+ Kg7 36. Qd4 Kg8 37. Bc4 Qg5 38. Bf1 Qc1 39. Qd8+ Kg7
40. Qf6+ Kg8 41. e6 fxe6 42. Qxe6+ Kg7 43. Qe5+ Kf7 44. Qc7+ Kf6 45. Qd8+ Kf7
46. Qc7+ Kf6 47. Qd8+ 1/2-1/2